Transition and Strategies of Policy Formation

Titel: Transition and Strategies of Policy Formation
Verfasser:
In: East central Europe, Band 27, Heft 1 (2000), Seite 173-178
alle Artikel anzeigen
Veröffentlicht: 2000
Format: Aufsatz
Sprache: Englisch
Kein Bild verfügbar
X
alg: 39504220
001A    $01999:12-11-16 
001B    $01999:04-08-21 $t21:02:56.000 
001C    $06050:19-11-16 $t08:42:08.000 
001D    $01999:12-11-16 
001U    $0utf8 
001X    $00 
002@    $0Aox 
003@    $0395042208 
007A    $0395042208 $aHEB 
007T    $0Herd33920 
010@    $aeng 
011@    $a2000 
021A    $aTransition and Strategies of Policy Formation 
028A    $aCísař $dOndřej 
031A    $d27 $e1 $h173-178 $j2000 
039B    $aIn $8--Abvc--. East central Europe. - Leiden : Brill, 1974-. - ISSN 0094-3037 $x200000000270001827 $9047226099 
039T    $8--Aau--Stark, David$Z1950- [Tp1]. Postsocialist pathways. - Cambridge : Cambridge Univ. Press, 1998. - XI, 284 S.. - ISBN 0-521-58974-6 $9058273018 
045F    $a900.94371 $eDDC23BSB 
045F/01 $a900 
045F/03 $g4371 
045F/03 $g4373 
045F/03 $g437 
045T    $a7,41 

lok: 39504220 78

exp: 39504220 78 1 #EPN
201B/01 $026-11-17 $t03:55:14.000 
201U/01 $0utf8 
203@/01 $0791340813 
208@/01 $a12-11-16 $be 
209A/01 $a/ $f000 $x00 
220C/01 $aTitelaufnehmer: cs 
244Z/01 $2Trx $#Kesk- ja Ida- Euroopa kontseptsioonid $#Vidurio Europos koncepcijos $#East-Central Europe $#Keletközépeurópa-eszmék $#Europa Środkowo-Wschodnia koncepcje $#Európa stredovýchodná koncepcie $#Evropa střední, východní část koncepce $#Mitteleuropa $#Osteuropakonzeptionen $#Europa Środkowa koncepcje $#Stredná Európa koncepcie $#Střední Europa koncepce $8--Trx--Ostmitteleuropakonzeptionen $x01 $9391364286 
244Z/01 $2Trx $#Poola $#Lenkija $#Polija $#Polen Land $#Poland $#Lengyelország $#Poľsko $#Polsko $8--Trx--Polska$gkraj $x02 $9391345966 
244Z/01 $#Tschechien $#Tschechische Republik $#Tschechische Republik $#Tschechenland $#Tschechei Tschechien $#Česká Republika $#Czech Republic $#ČR $74303381-7 $8--Tg1--Tschechien $x03 $9086659812 
244Z/01 $2Trx $#Böhmen $#Bohemia $#Czechy $8--Trx--Čechy $x04 $9391188941 
244Z/01 $2Trx $#Slowakische Republik $#Szlovák Köztársaság $#Republika Słowacka $#Slovenská Republika $#Slovensko $#Slowakei $#Słowacja $#Slovensko $8--Trx--Slovenská Republika $x05 $9391345796 
244Z/01 $2Trx $#arvustused $#recenzijos $#Reviews $#recenziók $#recenzje $#recenzie $#recenze $8--Trx--Rezensionen $x06 $9391357441 
247C/01 $82080>Marburg/Lahn, Herder-Institut, Forschungsbibliothek, Bibliographieportal $9336309341
LEADER 00000caa a22000002c 4500
001 395042208
003 DE-603
005 20210804210256.0
007 tu
008 161112s2000 xx |||| | u00||u|eng c
035 |a (DE-599)HEB395042208 
040 |a DE-603  |b ger  |c DE-603  |d DE-603 
041 |a eng 
082 0 4 |8 1\u  |a 900.94371  |q DE-101  |2 23/BSB 
084 |a 7,41  |2 ssgn 
085 |8 1\u  |b 900 
085 |8 1\u  |z 2  |s 4371 
085 |8 1\u  |z 2  |s 4373 
085 |8 1\u  |z 2  |s 437 
100 1 |a Císař, Ondřej 
245 0 0 |a Transition and Strategies of Policy Formation 
264 0 |c 2000 
773 0 8 |i In  |t East central Europe  |d Leiden : Brill, 1974-  |h 24 cm  |x 0094-3037  |g Band 27, Heft 1 (2000), Seite 173-178  |w (DE-603)047226099  |w (DE-600)190826-1 
787 0 8 |i Rezension von  |a Stark, David, 1950-  |t Postsocialist pathways  |d Cambridge : Cambridge Univ. Press, 1998  |h XI, 284 S.  |z 0521589746  |z 0521580358  |w (DE-603)058273018 
924 0 |9 2080  |a (DE-603)791340813  |b DE-2080  |c HES  |d d  |g /